000 00358nam a2200169Ia 4500
100 _aPrata/Stephen
650 _aunix
942 _cBK
366 _f10
654 _aunix
245 _aAdvanced Unix-A programmers Guide
260 _bBPB Publications
_aMumbai
_c1986
082 _a005.133/PRA
_bPRA
300 _a484
546 _aENGLISH
999 _c35641
_d35641